How to win friends and influence the right people (Record no. 5090)

MARC details
000 -CABECERA
campo de control de longitud fija 02340nam a22002897a 4500
003 - IDENTIFICADOR DEL NÚMERO DE CONTROL
campo de control OSt
005 - FECHA Y HORA DE LA ÚLTIMA TRANSACCIÓN
campo de control 20260515120539.0
008 - DATOS DE LONGITUD FIJA--INFORMACIÓN GENERAL
campo de control de longitud fija 251023b |||||||| |||| 00| 0 eng d
022 ## - NÚMERO INTERNACIONAL NORMALIZADO PARA PUBLICACIONES SERIADAS
Número Internacional Normalizado para Publicaciones Seriadas 0275-6668
040 ## - FUENTE DE LA CATALOGACIÓN
Centro catalogador/agencia de origen English
Centro/agencia transcriptor tbs
041 ## - CÓDIGO DE LENGUA
Código de lengua del texto/banda sonora o título independiente English
100 ## - ENTRADA PRINCIPAL--NOMBRE DE PERSONA
Nombre de persona Pereda, Asier
9 (RLIN) 26278
Término indicativo de función/relación author
245 ## - MENCIÓN DE TÍTULO
Título How to win friends and influence the right people
Resto del título : designing the corporate government affairs unit
Mención de responsabilidad, etc. / Asier Pereda, Andrew Barron.
260 ## - PUBLICACIÓN, DISTRIBUCIÓN, ETC.
Nombre del editor, distribuidor, etc. Journal of Business Strategy,
Fecha de publicación, distribución, etc. 2020
300 ## - DESCRIPCIÓN FÍSICA
Extensión 27–37 pages.
362 ## - FECHAS DE PUBLICACIÓN Y/O DESIGNACIÓN SECUENCIAL
Fecha de publicación y/o designación secuencial Journal of Business Strategy (2020) 41 (5): 27–37.
520 ## - SUMARIO, ETC.
Sumario, etc. This study aims to explore how firms can design their government affairs (GAs) units in ways that improve their ability to monitor and influence legislative developments in their firms’ corporate political environments.<br/>This conceptual work is informed by existing research into organizational design, brought to life with illustrative examples of firms’ political actions derived from interviews conducted with practitioners in the field.<br/>In line with organizational design thinking, the authors find that high-performing GA units need to be designed and built using a blend of mutually reinforcing organizational mechanisms. GA units should be staffed by autonomous managers with mixed skills-sets. Moreover, they should not be constrained by formal rules, but instead given autonomy and support to create lateral relations with other business units.<br/>This study provides a “recipe” that managers can follow to create opportunities for the exchange of political information within their firms and enable and motivate GAs practitioners to monitor and influence political developments more effectively.<br/>This research exposes important, organizational antecedents of firms’ political strategies, which have not been systematically explored in the existing literature
630 #0 - PUNTO DE ACCESO ADICIONAL DE MATERIA--TÍTULO UNIFORME
Título uniforme MSc International Business
9 (RLIN) 26977
650 #0 - PUNTO DE ACCESO ADICIONAL DE MATERIA--TÉRMINO DE MATERIA
Término de materia o nombre geográfico como elemento de entrada Organizational design
9 (RLIN) 27031
650 #0 - PUNTO DE ACCESO ADICIONAL DE MATERIA--TÉRMINO DE MATERIA
Término de materia o nombre geográfico como elemento de entrada Environmental scanning
9 (RLIN) 27032
650 #0 - PUNTO DE ACCESO ADICIONAL DE MATERIA--TÉRMINO DE MATERIA
Término de materia o nombre geográfico como elemento de entrada Corporate political activity
9 (RLIN) 27023
650 #0 - PUNTO DE ACCESO ADICIONAL DE MATERIA--TÉRMINO DE MATERIA
Término de materia o nombre geográfico como elemento de entrada Boundary spanning
9 (RLIN) 27034
650 #0 - PUNTO DE ACCESO ADICIONAL DE MATERIA--TÉRMINO DE MATERIA
Término de materia o nombre geográfico como elemento de entrada Information-processing capacity
9 (RLIN) 27033
700 ## - ENTRADA AGREGADA--NOMBRE PERSONAL
Nombre de persona Barron, Andrew
9 (RLIN) 26279
Término indicativo de función/relación author
856 ## - LOCALIZACIÓN Y ACCESO ELECTRÓNICOS
Identificador Uniforme del Recurso <a href="https://www-emerald-com.hub.tbs-education.fr/jbs/article-pdf/41/5/27/1350050/jbs-09-2019-0174.pdf">https://www-emerald-com.hub.tbs-education.fr/jbs/article-pdf/41/5/27/1350050/jbs-09-2019-0174.pdf</a>
942 ## - ELEMENTOS DE ENTRADA AGREGADA (KOHA)
Fuente del sistema de clasificación o colocación Clasificación de Library of Congress
Holdings
Estado de retiro Estado de pérdida Fuente del sistema de clasificación o colocación Estado dañado No para préstamo Código de colección Biblioteca de origen Biblioteca actual Fecha de adquisición Total de préstamos Código de barras Fecha visto por última vez Identificador Uniforme del Recurso Precio válido a partir de Tipo de ítem Koha
    Clasificación de Library of Congress     Core Textbooks TBS Barcelona TBS Barcelona 23/10/2025   5090 23/10/2025 https://www-emerald-com.hub.tbs-education.fr/jbs/article/41/5/27/198684/How-to-win-friends-and-influence-the-right-people?searchresult=1 23/10/2025 Academic Article

Powered by Koha